| 000 | 00811cab a22002175a 4500 | ||
|---|---|---|---|
| 001 | L144778 | ||
| 008 | 080811e20080718xxkd f 000 0 eng d | ||
| 035 | _a(Sirsi) u144778 | ||
| 041 | 0 | _aeng | |
| 100 | 1 | _aMayer, Peter | |
| 245 | 0 | 0 |
_aWhat it costs _bthermal insulation |
| 260 | _c2008 | ||
| 490 | 0 |
_aBuilding _v273(8538) 18 July 2008, 81(1) |
|
| 520 | _aExplains how proper insulation can help meet the Building Regulations targets on carbon dioxide emission reduction. Presents information on the efficiency of different materials. Table shows sample specification options for thermal insulation. | ||
| 590 | _aKA | ||
| 650 | 2 | 4 | _aBUILDING REGULATIONS 2006 |
| 650 | 2 | 4 | _aSTANDARD ASSESSMENT PROCEDURE |
| 651 | 4 |
_aEngland and Wales _y1543- |
|
| 690 | _aBUILT ENVIRONMENT-BUILDING COSTS | ||
| 942 | _n0 | ||
| 999 |
_c80583 _d80583 |
||